Sami Zayn's WrestleMania Opponents - Statistics

General Stats
  • This quiz has been taken 154 times
    103 since last reset
  • The average score is 12 of 14
Answer Stats
WrestleMania Opponent % Correct
WrestleMania XL Gunther
98%
WrestleMania 39 Jey Uso
96%
WrestleMania 39 Jimmy Uso
96%
WrestleMania 32 Kevin Owens
96%
WrestleMania 37 Kevin Owens
96%
WrestleMania 34 Daniel Bryan
85%
WrestleMania 36 Daniel Bryan
85%
WrestleMania 32 The Miz
83%
WrestleMania 32 Zack Ryder
83%
WrestleMania 38 Johnny Knoxville
80%
WrestleMania 32 Stardust
77%
WrestleMania 34 Shane McMahon
71%
WrestleMania 32 Dolph Ziggler
66%
WrestleMania 32 Sin Cara
66%
No matching quizzes found
Score Distribution
Percent of People with Each Score
Percentile by Number Answered
Your Score History
You have not taken this quiz since the last reset